Sitcom Main Characters - Statistics

General Stats
  • This quiz has been taken 77 times
    60 since last reset
  • The average score is 39 of 92
Answer Stats
TV Show Character % Correct
Friends Chandler
86%
Friends Monica
86%
Friends Phoebe
86%
Arrested Development Michael
84%
The Good Place Michael
84%
The Office Michael
84%
Friends Rachel
84%
Friends Ross
84%
Friends Joey
82%
30 Rock Jack
76%
The Office Pam
76%
The Office Jim
71%
The Office Dwight
69%
Modern Family Gloria
69%
Modern Family Phil
69%
Seinfeld Jerry
67%
How I Met Your Mother Lily
67%
Modern Family Lily
67%
Modern Family Claire
63%
Modern Family Haley
59%
Brooklyn Nine-Nine Amy
57%
Modern Family Cameron
57%
Brooklyn Nine-Nine Jake
57%
Modern Family Manny
55%
The Good Place Manny
55%
Modern Family Alex
53%
Arrested Development George
53%
Seinfeld George
53%
Modern Family Mitch
53%
Brooklyn Nine-Nine Captain Holt
51%
Modern Family Luke
51%
Brooklyn Nine-Nine Rosa
51%
Brooklyn Nine-Nine Charles
49%
Brooklyn Nine-Nine Gina
47%
Brooklyn Nine-Nine Terry
47%
How I Met Your Mother Barney
45%
New Girl Jess
45%
Seinfeld Kramer
45%
How I Met Your Mother Ted
45%
Parks & Rec Andy
43%
Modern Family Jay
43%
The Office Ryan
43%
That '70s Show Donna
41%
How I Met Your Mother Robin
41%
The Golden Girls Rose
41%
Parks & Rec Ann
37%
How I Met Your Mother Marshall
37%
New Girl Nick
37%
Parks & Rec Ron
37%
Parks & Rec Ben
35%
The Good Place Chidi
35%
Seinfeld Elaine
35%
Parks & Rec Leslie
35%
Community Troy
35%
Community Abed
31%
It's Always Sunny Charlie
31%
New Girl Schmidt
31%
Community Annie
29%
It's Always Sunny Dennis
29%
The Good Place Eleanor
29%
Community Jeff
29%
Parks & Rec Tom
29%
New Girl Winston
29%
Parks & Rec April
27%
The Golden Girls Blanche
27%
That '70s Show Eric
27%
The Golden Girls Sophia
27%
The Golden Girls Dorothy
25%
That '70s Show Fez
25%
It's Always Sunny Frank
25%
That '70s Show Jackie
25%
That '70s Show Kelso
25%
30 Rock Liz
25%
New Girl Cece
24%
Arrested Development Gob
24%
The Good Place Janet
24%
It's Always Sunny Mac
24%
Community Britta
22%
Community Pierce
22%
The Good Place Tahani
22%
Community Shirley
20%
It's Always Sunny Dee
18%
Arrested Development Tobias
16%
30 Rock Tracy
16%
That '70s Show Hyde
14%
Arrested Development Lucille
14%
Arrested Development Maeby
14%
Arrested Development George Michael
12%
30 Rock Jenna
12%
Arrested Development Buster
10%
30 Rock Kenneth
10%
Arrested Development Lindsay
10%
No matching quizzes found
Score Distribution
Percent of People with Each Score
Percentile by Number Answered
Your Score History
You have not taken this quiz since the last reset